| 000 | 00631nam a2200169 a 4500 | ||
|---|---|---|---|
| 005 | 20250111063819.0 | ||
| 008 | 991125s1971 ch 000 0 spa u | ||
| 035 | _aUPN01000031119 | ||
| 049 | _aUNE | ||
| 050 | 4 |
_aLB1028 _bS4.5 |
|
| 111 | 2 |
_aSeminario de Documentación e Información Pedagógicas en América Latina _d(1971 : _cPanamá) |
|
| 245 | 1 | 0 | _aInforme final. |
| 260 |
_aSantiago de Chile : _bUNESCO, Oficina Regional de Educación de la UNESCO Para América Latina y el Caribe, _c1971. |
||
| 300 | _a1 v. (varias paginaciones) | ||
| 650 | 4 |
_aEducación _zAmérica Latina _xServicios de información _918136 |
|
| 905 | _aLibro | ||
| 999 |
_c31119 _d31119 |
||